| 000 | 00912nam a2200289 a 4500 | ||
|---|---|---|---|
| 001 | BRCA_4675 | ||
| 005 | 20190320204748.0 | ||
| 008 | 021106s2002 sp-#######---#000-0#spa-d | ||
| 020 | _a8488333617 | ||
| 041 | _aspa | ||
| 044 | _asp | ||
| 050 | 4 |
_aPQ6437 _b.T67 2002 |
|
| 100 | 1 |
_aTorquemada, Antonio de _911861 |
|
| 245 | 1 | 0 |
_aOlivante de Laura _b(Barcelona, Claude Bonart, 1564) : guía de lectura _cde Antonio de Torquemeda y Jesús Duce García. |
| 260 |
_aAlcalá de Henares [España] _bCentro de Estudios Cervantinos, _c2002. |
||
| 300 |
_a104 p. _c24 cm. |
||
| 440 | 0 |
_aGuías de lectura caballeresca _v57 _911862 |
|
| 504 | _aBibliografía: p. [97]-100 | ||
| 650 | 1 | 4 |
_aLiteratura _zEspaña _911863 |
| 653 | 0 | _aNovelas | |
| 653 | 0 | _aGuía de lectura. | |
| 653 | 0 | _aNovela española | |
| 653 | 0 | _aGuía de lectura. | |
| 700 | 1 |
_aDuce García, Jesús _911864 |
|
| 902 | _aCERV | ||
| 942 |
_2lcc _cB |
||
| 999 |
_c4376 _d4376 |
||